000
00249nam a2200097Ia 4500
001
1194489
005
20250827021730.0
008
250824s9999 xx 000 0 und d
245
0
_a
ÇİÇİ HAN
_c
AHMET HALDUN TERZİOĞLU
260
_b
PANAMA YAYINLARI
999
_c
1194489
_d
1194489